000 00959nam a2200265 i 4500
001 82352
003 ES-MaACL
005 20230906174647.0
007 t|
008 041110s1954 ve ||||1| spa d
100 1 _aIbarra, Carmen.
_964954
245 1 0 _aTabla de comparación de alimentos para uso práctico /
_cpor Carmen de Ibarra ; supervisión por Werner Jaffé y J.M. Bengoa.
260 _aCaracas :
_b[s.n.,
_c1954] (
_fExcelsior)
300 _a24 p. ;
_c23 cm.
490 1 _aSerie del volador
500 _aMinisterio de Sanidad y Asistencia Social. Instituto Nacional de Nutrición.
500 _aEs el cuaderno 17.
700 1 _aJaffé, Werner.
_965916
700 1 _aBengoa, J. M.
_927566
710 1 _aVenezuela.
_bMinisterio de Sanidad y Asistencia Social.
_97550
710 1 _aInstituto Nacional de Nutrición (Venezuela)
_95178
830 0 _aSerie del volador
_9181075
852 _aES-MaACL
_j2006-F-5
_bR.40004
999 _c82352
_d82352